CANAVAR AVCILARI (Kayıt no. 802637)

MARC ayrıntıları
000 -LEADER
sabit uzunluktaki kontrol alanı 00243nam a2200097Ia 4500
001 - KONTROL NUMARASI
kontrol alanı 802637
005 - EN SON İŞLEMİN TARİH VE ZAMANI
kontrol alanı 20250826171100.0
008 - SABİT-UZUNLUKTA VERİ ÖĞELERİ--GENEL BİLGİ
sabit uzunluktaki kontrol alanı 250824s9999 xx 000 0 und d
245 #0 - ESER / YAZAR
ESER ADI CANAVAR AVCILARI
Yazar Adı HEİKE WİECHMANN
260 ## - YAYIN, DAĞITIM, VB.
YAYIN EVİ ÇOCUK GEZEGENİ
Mevcut
Düşüm durumu Kayıp durumu Hasar Durumu Ödünç verilmez Ana kütüphane Geçerli Kütüphane Edinilen tarih Toplam ödünç verme sayısı Barkod Son görüntüleme tarihi Fiyatın geçerli olmaya başladığı tarih Koha materyal türü
        ABİDİN SANİYE ERÇAL İLKOKULU ABİDİN SANİYE ERÇAL İLKOKULU 24.08.2025   10014446 26.08.2025 26.08.2025 Kitaplar
Gemini Bilgi Teknolojileri A.Ş. tarafından düzenlenmiştir.